LEADER 00984nam0-22003611i-450- 001 990006841460403321 005 20150408125643.0 035 $a000684146 035 $aFED01000684146 035 $a(Aleph)000684146FED01 035 $a000684146 100 $a20101020d1996----km-y0itay50------ba 101 0 $aita 102 $aIT 105 $ay-------001yy 200 1 $aPer un'estetica della politica$eil primo Goethe$fMichele Barbieri 210 $aMilano$cGiuffrè$d1996 215 $aXXII, 306 p.$d24 cm 225 1 $aQuaderni di Studi senesi$v83 676 $a111 676 $a320.1 700 1$aBarbieri,$bMichele$0238043 801 0$aIT$bUNINA$gRICA$2UNIMARC 901 $aBK 912 $a990006841460403321 952 $aDP VII-444$b15444$fDEC 952 $aCOLLEZ. 226 (83)$b29059$fFSPBC 952 $aCOLLEZ. 153 (83)$b32095*$fFGBC 959 $aDEC 959 $aFSPBC 959 $aFGBC 996 $aPer un'estetica della politica$9626754 997 $aUNINA LEADER 01013nam0-2200325---450- 001 990005512380403321 005 20150519105647.0 035 $a000551238 035 $aFED01000551238 035 $a(Aleph)000551238FED01 035 $a000551238 100 $a19990604d1973----km-y0itay50------ba 101 0 $aita 102 $aIT 105 $aaf------001yy 200 1 $aAlla ricerca di Pompei preromana$esaggi stratigrafici$fAmedeo Maiuri 210 $aNapoli$cSocietà Editrice Napoletana$d1973 215 $aIII, 229 p., [40] c. di tav.$cill.$d24 cm 610 0 $aPompei$aScavi archeologici 676 $a937.701$v22 700 1$aMaiuri,$bAmedeo$f<1886-1963>$03563 801 0$aIT$bUNINA$gRICA$2UNIMARC 901 $aBK 912 $a990005512380403321 952 $a937.701 MAI 11 ter$bARCH. S.I.$fFLFBC 952 $a937.701 MAI 11$bPAL.DIPL. 1670$fFLFBC 952 $a937.701 MAI 11 bis$bBRAU 2015/56$fFLFBC 959 $aFLFBC 996 $aAlla ricerca di Pompei preromana$9211899 997 $aUNINA